| 000 | 00705nam a2200205Ia 4500 | ||
|---|---|---|---|
| 008 | 200824s9999||||xx |||||||||||||| ||und|| | ||
| 020 | _a7516102717 | ||
| 020 | _a9787516102718 | ||
| 041 | _achi | ||
| 050 |
_aBR1288 _b.Z463 2011 |
||
| 110 | _a世界宗教研究所基督教调研课题组编 | ||
| 245 | 0 |
_a中国基督教调研报告集 _b / _c世界宗教研究所基督教调研课题组编著 |
|
| 246 |
_a中國基督教調研報告集 _b/ |
||
| 260 |
_a北京: _b 中国社会科学出版社 _c2011 |
||
| 300 |
_a6, 570 p. : _bill. ; _c21 cm. |
||
| 650 | _aChina Church history 20th century. | ||
| 650 | _aChina Church history 21st century. | ||
| 650 | _aChristianity China. | ||
| 999 |
_c16938 _d16938 |
||